[Event "Czech Open GM 2019"]
[Site "Pardubice"]
[Date "2019.07.25"]
[Round "7.34"]
[White "Hollan, Petr"]
[Black "Potapov, Alexander"]
[Result "1/2-1/2"]
[WhiteElo "2287"]
[BlackElo "2409"]
[Annotator "NA"]
[PlyCount "53"]
[EventDate "2019.07.19"]
[EventType "swiss"]
[EventCountry "CZE"]
[SourceTitle "playchess.com"]
[Source "ChessBase"]
[SourceQuality "1"]

1. e4 e5 2. Nf3 Nc6 3. Bb5 Nd4 4. Nxd4 exd4 5. O-O Bc5 6. Bc4 h5 7. d3 c6 8. Nd2 d5 9. Bb3 a5 10. a4 Ne7 11. Qe1 Be6 12. f4 f5 13. exd5 Bxd5 14. Bxd5 Qxd5 15. Nc4 b6 16. Bd2 Rh6 17. b4 axb4 18. Bxb4 Re6 19. Qd2 Kf8 20. Rab1 Ra6 21. Rfe1 Rxe1+ 22. Qxe1 b5 23. axb5 cxb5 24. Ne5 Kg8 25. Nf3 Re6 26. Qd2 Nc6 27. Bxc5 1/2-1/2

[Event "Czech Open GM 2019"]
[Site "Pardubice"]
[Date "2019.07.25"]
[Round "7.34"]
[White "Dev, Shah"]
[Black "Novotny, Michal"]
[Result "1-0"]
[WhiteElo "2147"]
[BlackElo "2280"]
[Annotator "NA"]
[PlyCount "62"]
[EventDate "2019.07.19"]
[EventType "swiss"]
[EventCountry "CZE"]
[SourceTitle "playchess.com"]
[Source "ChessBase"]
[SourceQuality "1"]

1. d4 Nf6 2. c4 c5 3. d5 b5 4. cxb5 a6 5. bxa6 g6 6. Nc3 Bg7 7. Nf3 O-O 8. e4 Qa5 9. Nd2 Bxa6 10. Bxa6 Qxa6 11. Qe2 e6 12. Qxa6 Nxa6 13. dxe6 fxe6 14. a3 Nb4 15. O-O Ng4 16. Nf3 Nc2 17. Rb1 Nxa3 18. bxa3 Bxc3 19. Rd1 Nf6 20. e5 Nd5 21. Rb7 Rf7 22. Ng5 Rg7 23. Ne4 Bd4 24. Bh6 Rf7 25. Nd6 Re7 26. Rdb1 Ree8 27. Nxe8 Rxe8 28. Rxd7 Bxe5 29. Re1 Bc3 30. Re2 Nf6 31. Rg7+ Kh8 1-0

[Event "Czech Open GM 2019"]
[Site "Pardubice"]
[Date "2019.07.25"]
[Round "7.35"]
[White "Koykka, Pekka"]
[Black "Szustakowski, Antoni"]
[Result "1/2-1/2"]
[WhiteElo "2402"]
[BlackElo "2279"]
[Annotator "NA"]
[PlyCount "61"]
[EventDate "2019.07.19"]
[EventType "swiss"]
[EventCountry "CZE"]
[SourceTitle "playchess.com"]
[Source "ChessBase"]
[SourceQuality "1"]

1. e4 c5 2. Nc3 d6 3. d4 cxd4 4. Qxd4 Nc6 5. Qd2 Nf6 6. b3 e6 7. Bb2 Be7 8. O-O-O O-O 9. f4 Qa5 10. Kb1 Rd8 11. Nf3 d5 12. e5 Ne4 13. Nxe4 dxe4 14. Nd4 Qxd2 15. Rxd2 Bc5 16. c3 b6 17. Re2 Nxd4 18. cxd4 Ba6 19. Rxe4 Bb7 20. Bd3 Rac8 21. dxc5 Rxd3 22. Rd4 Rxd4 23. Bxd4 bxc5 24. Be3 c4 25. Rc1 cxb3 26. Rxc8+ Bxc8 27. axb3 a6 28. Bc5 Bb7 29. g4 Bf3 30. g5 h6 31. gxh6 1/2-1/2

[Event "Czech Open GM 2019"]
[Site "Pardubice"]
[Date "2019.07.25"]
[Round "7.35"]
[White "Zeman, Matyas"]
[Black "Dzikowski, Michal"]
[Result "1/2-1/2"]
[WhiteElo "2275"]
[BlackElo "2109"]
[Annotator "NA"]
[PlyCount "35"]
[EventDate "2019.07.19"]
[EventType "swiss"]
[EventCountry "CZE"]
[SourceTitle "playchess.com"]
[Source "ChessBase"]
[SourceQuality "1"]

1. Nc3 d5 2. d4 c6 3. Nf3 Bf5 4. Bf4 e6 5. e3 Nd7 6. Bd3 Ngf6 7. O-O Bb4 8. Ne2 Ne4 9. Ng3 Nxg3 10. Bxg3 O-O 11. c4 Bxd3 12. Qxd3 Be7 13. e4 Nf6 14. exd5 exd5 15. c5 Nh5 16. Rfe1 Nxg3 17. hxg3 Bf6 18. a3 1/2-1/2

[Event "Czech Open GM 2019"]
[Site "Pardubice"]
[Date "2019.07.25"]
[Round "7.36"]
[White "Bruedigam, Martin"]
[Black "Wilschut, Peter"]
[Result "1-0"]
[WhiteElo "2395"]
[BlackElo "2279"]
[Annotator "TA"]
[PlyCount "217"]
[EventDate "2019.07.19"]
[EventType "swiss"]
[EventCountry "CZE"]
[SourceTitle "playchess.com"]
[Source "ChessBase"]
[SourceQuality "1"]

1. e4 c6 2. d4 d5 3. exd5 cxd5 4. Bd3 Nc6 5. c3 Qc7 6. Ne2 Bg4 7. O-O e6 8. Qe1 g6 9. Bf4 Bd6 10. Bxd6 Qxd6 11. Nc1 Bf5 12. Nd2 Bxd3 13. Nxd3 Nge7 14. Qe2 O-O 15. Rfe1 Rae8 16. Qg4 Nf5 17. Qh3 h5 18. Nf3 Nh6 19. Nfe5 Nxe5 20. Rxe5 Ng4 21. Re2 Kg7 22. Rae1 b5 23. a3 a5 24. f3 Nf6 25. Qh4 Qd8 26. Re3 Rh8 27. R1e2 Nd7 28. Qg3 Qb8 29. Qh4 Qd8 30. Qg3 Qb8 31. Qf2 h4 32. Re1 Qd6 33. R3e2 Rh5 34. Ra1 Nb6 35. Re5 Reh8 36. Rxh5 Rxh5 37. Qe2 Rh8 38. Nc5 Rb8 39. Qe1 h3 40. g3 a4 41. Nd3 Nc4 42. Qe2 Rh8 43. Re1 Qd8 44. Kf2 Qg5 45. Ne5 Re8 46. Nd3 Rh8 47. Kg1 Qf5 48. Rf1 Re8 49. Re1 Rh8 50. Ne5 Re8 51. Qf2 Nxe5 52. Rxe5 Qd3 53. Re3 Qb1+ 54. Re1 Qd3 55. g4 Rc8 56. Re3 Qb1+ 57. Re1 Qd3 58. Qe3 Qc2 59. Re2 Qb1+ 60. Kf2 b4 61. axb4 a3 62. bxa3 Qa1 63. Rc2 Qxa3 64. Kg3 Qb3 65. Qd2 Ra8 66. Qc1 Qc4 67. Kxh3 Qd3 68. Kg2 Ra1 69. Qxa1 Qxc2+ 70. Kg3 g5 71. Qe1 Kf8 72. Qe3 Qb1 73. h4 gxh4+ 74. Kxh4 Ke7 75. Kg3 f6 76. f4 Kf7 77. g5 Ke7 78. gxf6+ Kxf6 79. Kf2 Qc2+ 80. Ke1 Qb1+ 81. Ke2 Qc2+ 82. Kf3 Qb1 83. Qd2 Kf7 84. Qe2 Qh1+ 85. Ke3 Qe4+ 86. Kf2 Qb1 87. b5 Qb3 88. Qd3 Kf6 89. Kf3 Ke7 90. f5 exf5 91. Kf4 Kd6 92. Kxf5 Kc7 93. Ke5 Qa2 94. Qf3 Kb6 95. Qd3 Qg2 96. Kd6 Qg5 97. Ke6 Qg8+ 98. Ke5 Qg2 99. Kf4 Qh2+ 100. Kg5 Qg2+ 101. Kf6 Qe4 102. Qf1 Qh4+ 103. Ke6 Qe4+ 104. Kd6 Qe3 105. Qf5 Qxc3 106. Qxd5 Qc7+ 107. Ke6 Qc8+ 108. Ke7 Qc1 109. Qc6+ 1-0

[Event "Czech Open GM 2019"]
[Site "Pardubice"]
[Date "2019.07.25"]
[Round "7.36"]
[White "Stinka, Jakub"]
[Black "Krak, Tomas"]
[Result "0-1"]
[WhiteElo "2135"]
[BlackElo "2274"]
[Annotator "NA"]
[PlyCount "84"]
[EventDate "2019.07.19"]
[EventType "swiss"]
[EventCountry "CZE"]
[SourceTitle "playchess.com"]
[Source "ChessBase"]
[SourceQuality "1"]

1. d4 e6 2. c4 f5 3. g3 Nf6 4. Bg2 c6 5. Nh3 d5 6. Nd2 Bd6 7. Qc2 O-O 8. Nf3 Nbd7 9. Nf4 Qe7 10. O-O Ne4 11. Nd3 b6 12. Nfe5 Bb7 13. Bf4 Nxe5 14. Bxe5 dxc4 15. Bxe4 cxd3 16. Bxd3 Bxe5 17. dxe5 Rad8 18. Bc4 b5 19. Bd3 Rd5 20. f4 Rfd8 21. a4 a6 22. Rfc1 Qc7 23. axb5 Qb6+ 24. Kf1 cxb5 25. Qc7 Qa7 26. Bxb5 Rd1+ 27. Rxd1 Rxd1+ 28. Rxd1 Bg2+ 29. Kxg2 Qxc7 30. Bd3 a5 31. Rb1 g5 32. b3 Qc6+ 33. Kf2 h6 34. Kg1 Kf7 35. Kf2 Qd5 36. h3 h5 37. h4 gxh4 38. gxh4 Qd8 39. Rh1 Qb6+ 40. Kg2 Qxb3 41. Rb1 Qd5+ 42. Kg3 a4 0-1

[Event "Czech Open GM 2019"]
[Site "Pardubice"]
[Date "2019.07.25"]
[Round "7.37"]
[White "Iliaguev, Kafar"]
[Black "Rakesh Kumar Jena"]
[Result "1-0"]
[WhiteElo "2276"]
[BlackElo "2395"]
[Annotator "NA"]
[PlyCount "117"]
[EventDate "2019.07.19"]
[EventType "swiss"]
[EventCountry "CZE"]
[SourceTitle "playchess.com"]
[Source "ChessBase"]
[SourceQuality "1"]

1. c4 e6 2. Nf3 f5 3. b3 Nf6 4. g3 Be7 5. Bg2 O-O 6. O-O d5 7. Bb2 c6 8. d3 a5 9. Nbd2 a4 10. Qc2 Na6 11. Rad1 Nb4 12. Qb1 axb3 13. axb3 Qa5 14. e4 Nxd3 15. Qxd3 fxe4 16. Qc2 exf3 17. Ra1 Qc7 18. Rxa8 fxg2 19. Kxg2 e5 20. Kg1 d4 21. Ne4 Ng4 22. Bc1 Qd7 23. Qd3 Qf5 24. f3 Nf6 25. Nxf6+ Qxf6 26. g4 h5 27. Bd2 c5 28. h3 Qh4 29. Kg2 Qf6 30. Qe4 g5 31. Kg1 Kg7 32. h4 gxh4 33. g5 Qe6 34. Qxh4 Kg6 35. Qe4+ Rf5 36. Qd5 Bxg5 37. Qxe6+ Bxe6 38. Ba5 Be3+ 39. Kh1 e4 40. Re8 Kf7 41. Rb8 exf3 42. Rxb7+ Kf6 43. Bd8+ Ke5 44. Bh4 Kd6 45. Rb6+ Kd7 46. Ra1 Re5 47. Bg3 Re4 48. Ra7+ Kd8 49. Rb8+ Bc8 50. Raa8 h4 51. Rxc8+ Ke7 52. Ra7+ Kf6 53. Rf8+ Kg6 54. Be1 Bg5 55. Bf2 d3 56. Rxf3 d2 57. Ra1 Kh5 58. Rg1 Rg4 59. Rd3 1-0

[Event "Czech Open GM 2019"]
[Site "Pardubice"]
[Date "2019.07.25"]
[Round "7.37"]
[White "Kim, Jinsoo"]
[Black "Gibicar, Danijel"]
[Result "0-1"]
[WhiteElo "2087"]
[BlackElo "2273"]
[Annotator "NA"]
[PlyCount "96"]
[EventDate "2019.07.19"]
[EventType "swiss"]
[EventCountry "CZE"]
[SourceTitle "playchess.com"]
[Source "ChessBase"]
[SourceQuality "1"]

1. e4 e6 2. d4 d5 3. Nc3 Nc6 4. Nf3 Nf6 5. e5 Ne4 6. Bd3 Bb4 7. O-O Nxc3 8. bxc3 Bxc3 9. Rb1 Bb4 10. Ng5 Be7 11. Qh5 g6 12. Qg4 Nb4 13. Rb3 Nxd3 14. Rxd3 h6 15. Nh3 b6 16. Rf3 Qd7 17. Qf4 Bf8 18. Qf6 Rg8 19. Qh4 Ba6 20. Re1 g5 21. Qh5 Rg6 22. Nxg5 hxg5 23. Bxg5 Qa4 24. h4 Qxd4 25. Rf4 Qc3 26. Re3 Qa1+ 27. Kh2 Rg7 28. Bf6 Rg6 29. Bg5 Rg7 30. c3 Qb1 31. Rg3 Qh7 32. Qf3 Be7 33. Bf6 Bxf6 34. exf6 Rxg3 35. fxg3 O-O-O 36. Qe3 Bc4 37. Rg4 Qf5 38. Rf4 Qh5 39. a4 a5 40. Qc1 Rg8 41. Kh3 e5 42. Rf3 Qg4+ 43. Kh2 e4 44. Re3 Qf5 45. Qd1 Qxf6 46. Qh5 Qf2 47. Qh7 Rd8 48. Qf5+ Qxf5 0-1

[Event "Czech Open GM 2019"]
[Site "Pardubice"]
[Date "2019.07.25"]
[Round "7.38"]
[White "Kosakowski, Jakub"]
[Black "Weishaeutel, Moritz"]
[Result "0-1"]
[WhiteElo "2394"]
[BlackElo "2276"]
[Annotator "NA"]
[PlyCount "100"]
[EventDate "2019.07.19"]
[EventType "swiss"]
[EventCountry "CZE"]
[SourceTitle "playchess.com"]
[Source "ChessBase"]
[SourceQuality "1"]

1. c4 c5 2. Nf3 Nc6 3. d4 cxd4 4. Nxd4 Nf6 5. g3 e6 6. Bg2 Qb6 7. Nb5 d5 8. N1c3 a6 9. cxd5 axb5 10. dxc6 bxc6 11. Qc2 Bb7 12. O-O Be7 13. e4 O-O 14. e5 Nd7 15. Bf4 c5 16. Rfd1 Rfd8 17. Ne4 h6 18. h4 Bd5 19. h5 Qc6 20. Qe2 c4 21. Qg4 Kh7 22. Rxd5 exd5 23. Nd6 Bxd6 24. exd6 Nf6 25. Qf5+ Kg8 26. Be5 Rxd6 27. Bxd6 Qxd6 28. Re1 Rd8 29. Rd1 Qe6 30. Qf4 Qe2 31. Rd2 Qxh5 32. Bf3 Qg6 33. a3 Qg5 34. Qd4 h5 35. Kg2 h4 36. Re2 hxg3 37. fxg3 Nh5 38. Bg4 Nxg3 39. Re5 Qh4 40. Qf4 Ne4 41. Rf5 Nf6 42. Rg5 Nxg4 43. Rxg4 Qe7 44. Qd4 f6 45. Kf1 Qe6 46. Rg2 Re8 47. Rd2 Qe1+ 48. Kg2 Re2+ 49. Rxe2 Qxe2+ 50. Kg1 Qe1+ 0-1

[Event "Czech Open GM 2019"]
[Site "Pardubice"]
[Date "2019.07.25"]
[Round "7.38"]
[White "Pacan-Milej, Kosma"]
[Black "Chan, Yi Meng Ryan"]
[Result "1-0"]
[WhiteElo "2272"]
[BlackElo "2082"]
[Annotator "NA"]
[PlyCount "113"]
[EventDate "2019.07.19"]
[EventType "swiss"]
[EventCountry "CZE"]
[SourceTitle "playchess.com"]
[Source "ChessBase"]
[SourceQuality "1"]

1. d4 d5 2. c4 e6 3. Nc3 Be7 4. cxd5 exd5 5. Bf4 Nf6 6. e3 Bf5 7. Qb3 Nc6 8. Nf3 Rb8 9. Rc1 O-O 10. Be2 h6 11. O-O Be6 12. h3 a6 13. Qc2 Rc8 14. a3 Ne8 15. Na4 Bd6 16. Bxa6 Nxd4 17. Nxd4 bxa6 18. Nc5 Qe7 19. b4 Ra8 20. Ncb3 Qf6 21. Bxd6 Nxd6 22. Qxc7 Nc4 23. a4 Rfc8 24. Qg3 Rab8 25. b5 axb5 26. Nxb5 Ra8 27. Ra1 Qb2 28. Rfb1 Qc2 29. N3d4 Qe4 30. Rc1 Bd7 31. Nc3 Qe5 32. Qxe5 Nxe5 33. Nxd5 Rxc1+ 34. Rxc1 Rxa4 35. Nb6 Ra7 36. Nxd7 Rxd7 37. Rc8+ Kh7 38. g4 g6 39. Kg2 Re7 40. Kg3 Kg7 41. h4 Ra7 42. Rc5 Nd7 43. Rb5 Nf6 44. h5 Ra2 45. f3 Ra1 46. hxg6 Kxg6 47. Nc6 Nd7 48. Rh5 Nf6 49. Ne7+ Kh7 50. Rh2 Ra5 51. e4 Rg5 52. Kf4 Ng8 53. Nf5 f6 54. Kg3 Rg6 55. f4 Kh8 56. Rh4 Kh7 57. Kf3 1-0

[Event "Czech Open GM 2019"]
[Site "Pardubice"]
[Date "2019.07.25"]
[Round "7.39"]
[White "Maetzkow, Maximilian Paul"]
[Black "Rozman, Levy"]
[Result "0-1"]
[WhiteElo "2274"]
[BlackElo "2382"]
[Annotator "NA"]
[PlyCount "88"]
[EventDate "2019.07.19"]
[EventType "swiss"]
[EventCountry "CZE"]
[SourceTitle "playchess.com"]
[Source "ChessBase"]
[SourceQuality "1"]

1. e4 c6 2. d4 d5 3. exd5 cxd5 4. Bd3 Nc6 5. c3 g6 6. h3 Nh6 7. Nf3 Bf5 8. O-O Bxd3 9. Qxd3 Bg7 10. Bf4 O-O 11. Nbd2 f6 12. c4 Nf7 13. Bh2 Qd7 14. cxd5 Qxd5 15. Ne4 e5 16. Nc3 Qd7 17. d5 Ne7 18. Rfd1 Rfd8 19. Ne1 Rac8 20. Nc2 f5 21. f3 Nd6 22. Ne3 f4 23. Ng4 h5 24. Nf2 Nc4 25. Qe2 Ne3 26. Rd2 N7f5 27. Nfd1 Nc4 28. Rd3 Nd4 29. Qe4 Nc2 30. Rc1 Nb4 31. Qxg6 Nxd3 32. Qxd3 b5 33. Qg6 Nd6 34. Ne4 Nxe4 35. Rxc8 Rxc8 36. fxe4 Qf7 37. Qxf7+ Kxf7 38. Kf1 Rc4 39. Nc3 b4 40. Nb5 Bf8 41. Nxa7 Rc1+ 42. Ke2 Rc2+ 43. Kf1 Rxb2 44. Nc6 Kf6 0-1

[Event "Czech Open GM 2019"]
[Site "Pardubice"]
[Date "2019.07.25"]
[Round "7.39"]
[White "Iliaguev, Daniel"]
[Black "Nguyen, Alex Dac-Vuong"]
[Result "1/2-1/2"]
[WhiteElo "2053"]
[BlackElo "2267"]
[Annotator "NA"]
[PlyCount "76"]
[EventDate "2019.07.19"]
[EventType "swiss"]
[EventCountry "CZE"]
[SourceTitle "playchess.com"]
[Source "ChessBase"]
[SourceQuality "1"]

1. c4 Nf6 2. g3 g6 3. Bg2 Bg7 4. Nc3 O-O 5. d4 d6 6. Nf3 Nc6 7. O-O a6 8. b3 Rb8 9. Bb2 b5 10. cxb5 axb5 11. Rc1 Bd7 12. d5 Na5 13. Nd4 e5 14. dxe6 fxe6 15. Qd2 c5 16. Nf3 b4 17. Nb1 Ne4 18. Qc2 Bxb2 19. Qxb2 Bc6 20. Nfd2 Qf6 21. Qxf6 Nxf6 22. Nc4 Bxg2 23. Kxg2 Nxc4 24. Rxc4 Rb6 25. Rc2 Ra8 26. Nd2 Rba6 27. Ra1 Kf7 28. e4 Nd7 29. Rd1 Ne5 30. Nf3 Nxf3 31. Kxf3 Rxa2 32. Rxa2 Rxa2 33. Rxd6 Ra3 34. Rd7+ Ke8 35. Rxh7 Rxb3+ 36. Kf4 Ra3 37. Ke5 b3 38. Rb7 c4 1/2-1/2

[Event "Czech Open GM 2019"]
[Site "Pardubice"]
[Date "2019.07.25"]
[Round "7.40"]
[White "Bronstein, Or"]
[Black "Zlatin, Alexander"]
[Result "1/2-1/2"]
[WhiteElo "2378"]
[BlackElo "2270"]
[Annotator "NA"]
[PlyCount "98"]
[EventDate "2019.07.19"]
[EventType "swiss"]
[EventCountry "CZE"]
[SourceTitle "playchess.com"]
[Source "ChessBase"]
[SourceQuality "1"]

1. d4 Nf6 2. c4 g6 3. Nc3 Bg7 4. e4 d6 5. f3 a5 6. Be3 O-O 7. Qd2 a4 8. Rd1 Nc6 9. Nge2 e5 10. d5 Nb8 11. c5 Ne8 12. Nc1 f5 13. Bb5 dxc5 14. Bxc5 Nd6 15. Bd3 Nd7 16. Be3 Nf6 17. O-O f4 18. Bf2 g5 19. b3 g4 20. Nxa4 gxf3 21. gxf3 Bh3 22. Kh1 Qe8 23. Bh4 Qh5 24. Qf2 Bxf1 25. Rxf1 Nd7 26. Rg1 Kh8 27. Qg2 Rg8 28. Qg4 Qxg4 29. Rxg4 Bf6 30. Bxf6+ Nxf6 31. Rg2 Rxg2 32. Kxg2 Nd7 33. Kf2 Kg7 34. Bf1 Kf6 35. Bh3 Nf8 36. Nd3 Nb5 37. Nb4 Nd4 38. Nc5 Nc2 39. Ncd3 Nxb4 40. Nxb4 h5 41. Bf5 Ng6 42. a4 Nh4 43. Bd7 Ke7 44. Bb5 Kd6 45. Bf1 Ng6 46. Nc2 Nf8 47. Na3 Kc5 48. Nc2 Kd6 49. Na3 Kc5 1/2-1/2

[Event "Czech Open GM 2019"]
[Site "Pardubice"]
[Date "2019.07.25"]
[Round "7.40"]
[White "Berzina, Ilze"]
[Black "Skalsky, Alexandr"]
[Result "1-0"]
[WhiteElo "2249"]
[BlackElo "2049"]
[Annotator "NA"]
[PlyCount "57"]
[EventDate "2019.07.19"]
[EventType "swiss"]
[EventCountry "CZE"]
[SourceTitle "playchess.com"]
[Source "ChessBase"]
[SourceQuality "1"]

1. e4 c5 2. Nf3 d6 3. Bb5+ Nd7 4. d4 cxd4 5. Qxd4 a6 6. Bxd7+ Bxd7 7. c4 e5 8. Qd3 b5 9. Nc3 Qb8 10. O-O h6 11. Nd5 Ne7 12. c5 Nxd5 13. exd5 dxc5 14. Re1 f6 15. Nh4 g5 16. Qg6+ Ke7 17. Be3 Qd6 18. b4 cxb4 19. Rac1 Be8 20. Qe4 Kd8 21. Nf5 Qb8 22. d6 Bd7 23. Bb6+ Ke8 24. Bc7 Qa7 25. Ne7 Bxe7 26. Qg6+ Kf8 27. dxe7+ Kxe7 28. Rxe5+ Kf8 29. Bd6# 1-0

[Event "Czech Open GM 2019"]
[Site "Pardubice"]
[Date "2019.07.25"]
[Round "7.41"]
[White "Manik, Mikulas"]
[Black "Gazik, Igor"]
[Result "1-0"]
[WhiteElo "2377"]
[BlackElo "2258"]
[Annotator "NA"]
[PlyCount "145"]
[EventDate "2019.07.19"]
[EventType "swiss"]
[EventCountry "CZE"]
[SourceTitle "playchess.com"]
[Source "ChessBase"]
[SourceQuality "1"]

1. e4 d6 2. d4 Nf6 3. Nc3 e5 4. Nf3 Nbd7 5. Bc4 Be7 6. O-O O-O 7. a4 exd4 8. Nxd4 Ne5 9. Ba2 c5 10. Nde2 Be6 11. Nf4 Bxa2 12. Rxa2 Re8 13. f3 a6 14. Be3 b5 15. axb5 axb5 16. Rxa8 Qxa8 17. Ncd5 Nc4 18. Bc1 Qc6 19. b3 Nb6 20. Nxe7+ Rxe7 21. Bb2 Ne8 22. Qd2 Ra7 23. Ra1 Rxa1+ 24. Bxa1 Qa8 25. Bb2 Qa2 26. Qc1 f6 27. h4 b4 28. Kh2 Kf7 29. Nd3 Qa8 30. Qf4 Ke7 31. Qe3 Qc8 32. Qe2 Kf7 33. f4 Qe6 34. e5 Kg8 35. Qf3 fxe5 36. fxe5 Nd7 37. Qc6 Qe7 38. Qd5+ Kh8 39. Kg1 dxe5 40. Bxe5 h6 41. Bb2 Nd6 42. Ne5 Nxe5 43. Qxe5 Qxe5 44. Bxe5 Nb5 45. Kf2 Na3 46. c4 bxc3 47. Bxc3 c4 48. b4 Kg8 49. Ke3 Nb5 50. Be5 g5 51. hxg5 hxg5 52. Ke4 Kf7 53. Kd5 c3 54. Kc4 c2 55. Bb2 Nd6+ 56. Kd3 Ke6 57. Kxc2 Kd5 58. Kd3 Nf5 59. Bc3 Nh4 60. g3 Nf5 61. Be1 g4 62. Bf2 Nd6 63. Be3 Nf5 64. Bf4 Nd4 65. Bc7 Nb5 66. Bb6 Nd6 67. Bf2 Nb5 68. Ke3 Ke5 69. Be1 Kf5 70. Kd3 Ke5 71. Kc4 Nd6+ 72. Kc5 Ne4+ 73. Kc6 1-0

[Event "Czech Open GM 2019"]
[Site "Pardubice"]
[Date "2019.07.25"]
[Round "7.41"]
[White "Kim, Andrey"]
[Black "Kosiorek, Marek"]
[Result "1/2-1/2"]
[WhiteElo "2048"]
[BlackElo "2238"]
[Annotator "NA"]
[PlyCount "133"]
[EventDate "2019.07.19"]
[EventType "swiss"]
[EventCountry "CZE"]
[SourceTitle "playchess.com"]
[Source "ChessBase"]
[SourceQuality "1"]

1. d4 d5 2. c4 e6 3. Nc3 Nf6 4. cxd5 exd5 5. Bg5 Be7 6. e3 h6 7. Bh4 O-O 8. Bd3 b6 9. Nge2 Bb7 10. O-O Nbd7 11. Rc1 c5 12. f3 a6 13. Bf2 Re8 14. Bb1 Rc8 15. Ng3 cxd4 16. exd4 g6 17. Qd2 Bf8 18. Rfe1 Rxe1+ 19. Rxe1 b5 20. Be3 h5 21. Bg5 Qb6 22. Nce2 Nh7 23. Bh6 h4 24. Bxf8 Nhxf8 25. Nf1 Re8 26. Rd1 Qf6 27. Ne3 Qe7 28. Kf2 Qd6 29. g3 Nb6 30. b3 Bc8 31. Nf4 Ne6 32. Nxe6 Bxe6 33. Rc1 Kg7 34. Bd3 Rh8 35. Bf1 hxg3+ 36. hxg3 Rc8 37. Rxc8 Nxc8 38. Qa5 Qb6 39. Qb4 Na7 40. Nc2 a5 41. Qc5 Qxc5 42. dxc5 b4 43. Nd4 Kf6 44. Ke3 g5 45. f4 gxf4+ 46. Kxf4 Ke7 47. Bd3 f6 48. Bf5 Bxf5 49. Kxf5 Kf7 50. c6 Nc8 51. c7 Ne7+ 52. Kg4 Ke8 53. Nc6 Nc8 54. Nxa5 Kd7 55. Nb7 Kc6 56. Nd8+ Kxc7 57. Ne6+ Kd7 58. Kf5 Nd6+ 59. Kxf6 Ne4+ 60. Ke5 Nc3 61. g4 Ke7 62. Nf4 Nxa2 63. Nxd5+ Kf7 64. Kf5 Nc1 65. g5 Nxb3 66. g6+ Kg7 67. Nxb4 1/2-1/2

[Event "Czech Open GM 2019"]
[Site "Pardubice"]
[Date "2019.07.25"]
[Round "7.42"]
[White "Groetzbach, Julian"]
[Black "Suleymenov, Alisher"]
[Result "0-1"]
[WhiteElo "2269"]
[BlackElo "2376"]
[Annotator "NA"]
[PlyCount "128"]
[EventDate "2019.07.19"]
[EventType "swiss"]
[EventCountry "CZE"]
[SourceTitle "playchess.com"]
[Source "ChessBase"]
[SourceQuality "1"]

1. e4 c5 2. Nf3 d6 3. d4 cxd4 4. Nxd4 Nf6 5. Nc3 Nc6 6. Bg5 e6 7. Qd2 a6 8. O-O-O Bd7 9. f4 Be7 10. Nf3 b5 11. Bxf6 gxf6 12. f5 Ne5 13. Nd4 Qb6 14. g3 h5 15. Kb1 Rc8 16. Qe1 Qb7 17. Bg2 b4 18. Nce2 Nc4 19. fxe6 fxe6 20. Qf2 Qb6 21. Qf3 e5 22. Nf5 Ba4 23. Nc1 Na3+ 24. bxa3 Rc3 25. Qe2 Rxc2 26. Qxc2 Bxc2+ 27. Kxc2 Kf7 28. axb4 Rc8+ 29. Kb1 Qxb4+ 30. Nb3 a5 31. Rc1 Rxc1+ 32. Rxc1 a4 33. Rc7 axb3 34. axb3 Qe1+ 35. Kb2 Qd2+ 36. Rc2 Qa5 37. Bf3 d5 38. Nxe7 Kxe7 39. exd5 h4 40. g4 Qb4 41. h3 Qd4+ 42. Rc3 e4 43. Bh1 e3 44. Bf3 Kd6 45. b4 Qd2+ 46. Kb3 e2 47. Rc6+ Kd7 48. Bxe2 Qe3+ 49. Rc3 Qxe2 50. Ka4 Qa2+ 51. Ra3 Qxd5 52. b5 Qd4+ 53. Ka5 Kc7 54. Rb3 Qd2+ 55. Ka4 Kb6 56. Ka3 Qe2 57. Rb2 Qd3+ 58. Rb3 Qd2 59. Rb4 Ka5 60. Rb3 Qc1+ 61. Ka2 Ka4 62. Rb2 Qc4+ 63. Kb1 Ka3 64. b6 Qf1+ 0-1

[Event "Czech Open GM 2019"]
[Site "Pardubice"]
[Date "2019.07.25"]
[Round "7.42"]
[White "Svanda, Ondrej"]
[Black "Otruba, Marek"]
[Result "0-1"]
[WhiteElo "2234"]
[BlackElo "2041"]
[Annotator "NA"]
[PlyCount "76"]
[EventDate "2019.07.19"]
[EventType "swiss"]
[EventCountry "CZE"]
[SourceTitle "playchess.com"]
[Source "ChessBase"]
[SourceQuality "1"]

1. d4 Nf6 2. Bf4 c5 3. e3 e6 4. c3 b6 5. Nf3 Bb7 6. Nbd2 d6 7. Bd3 Be7 8. h3 Nbd7 9. O-O O-O 10. Qe2 Re8 11. Bh2 Bf8 12. e4 cxd4 13. cxd4 Rc8 14. Rac1 Rxc1 15. Rxc1 Qb8 16. e5 Nd5 17. Nc4 Rc8 18. Rd1 dxe5 19. Ncxe5 Nxe5 20. Nxe5 Bd6 21. Bxh7+ Kxh7 22. Qh5+ Kg8 23. Qxf7+ Kh7 24. Qg6+ Kg8 25. Qxe6+ Kh7 26. h4 Qc7 27. Qg6+ Kg8 28. Bg3 Nf6 29. Re1 Rf8 30. h5 Bxe5 31. dxe5 Qc6 32. f3 Nd5 33. e6 Rf6 34. Qe4 Qc5+ 35. Bf2 Qe7 36. Bh4 Qc5+ 37. Kh1 Rf4 38. e7 Rxe4 0-1

[Event "Czech Open GM 2019"]
[Site "Pardubice"]
[Date "2019.07.25"]
[Round "7.43"]
[White "Chylewski, Patryk"]
[Black "Kutynec, Vladimir"]
[Result "1-0"]
[WhiteElo "2376"]
[BlackElo "2252"]
[Annotator "NA"]
[PlyCount "47"]
[EventDate "2019.07.19"]
[EventType "swiss"]
[EventCountry "CZE"]
[SourceTitle "playchess.com"]
[Source "ChessBase"]
[SourceQuality "1"]

1. d4 Nf6 2. c4 g6 3. Nc3 Bg7 4. e4 d6 5. Nf3 O-O 6. Be2 Na6 7. O-O e5 8. dxe5 dxe5 9. Be3 Ng4 10. Bd2 f5 11. exf5 gxf5 12. h3 e4 13. hxg4 exf3 14. gxf3 fxg4 15. fxg4 Qh4 16. Kg2 h5 17. Be3 Rd8 18. Qc2 Bxg4 19. Rh1 Qf6 20. Bxg4 hxg4 21. Qh7+ Kf8 22. Rh5 Qc6+ 23. Nd5 Rd7 24. Bh6 1-0

[Event "Czech Open GM 2019"]
[Site "Pardubice"]
[Date "2019.07.25"]
[Round "7.43"]
[White "Beukes, Dante M"]
[Black "Sramek, Vojtech"]
[Result "1/2-1/2"]
[WhiteElo "2016"]
[BlackElo "2233"]
[Annotator "NA"]
[PlyCount "81"]
[EventDate "2019.07.19"]
[EventType "swiss"]
[EventCountry "CZE"]
[SourceTitle "playchess.com"]
[Source "ChessBase"]
[SourceQuality "1"]

1. e4 d6 2. d4 Nf6 3. Nc3 g6 4. f4 Bg7 5. Nf3 c5 6. Bb5+ Bd7 7. e5 Ng4 8. Bxd7+ Qxd7 9. h3 cxd4 10. Qxd4 Nc6 11. Qe4 Nh6 12. Be3 dxe5 13. fxe5 O-O 14. O-O Qe6 15. Bf4 Rad8 16. Rad1 Rxd1 17. Rxd1 f5 18. exf6 Qxf6 19. Bg5 Qf5 20. Qxf5 Nxf5 21. Rd7 h6 22. Bd2 b6 23. Rc7 Nfd4 24. Ne1 Be5 25. Rd7 g5 26. Be3 a6 27. Nd3 Bd6 28. Bf2 Nxc2 29. Ne4 Ne5 30. Nxe5 Bxe5 31. Rxe7 Bxb2 32. Re6 Bg7 33. Rxb6 Rf4 34. Rb8+ Kh7 35. Rc8 Nb4 36. Rc4 Nd3 37. Bg3 Rf5 38. Rc7 Nf4 39. Nd6 Ne2+ 40. Kh2 Nxg3 41. Kxg3 1/2-1/2

[Event "Czech Open GM 2019"]
[Site "Pardubice"]
[Date "2019.07.25"]
[Round "7.44"]
[White "Pulpan, Jakub"]
[Black "Heldt, Nils-Lennart"]
[Result "1/2-1/2"]
[WhiteElo "2414"]
[BlackElo "2009"]
[Annotator "NA"]
[PlyCount "66"]
[EventDate "2019.07.19"]
[EventType "swiss"]
[EventCountry "CZE"]
[SourceTitle "playchess.com"]
[Source "ChessBase"]
[SourceQuality "1"]

1. Nf3 d5 2. b3 Bf5 3. Bb2 e6 4. g3 Nf6 5. Bg2 c6 6. O-O h6 7. c4 Bd6 8. d3 O-O 9. Nbd2 Bh7 10. a3 a5 11. Bc3 Qe7 12. Qc2 Nbd7 13. Qb2 e5 14. d4 exd4 15. Bxd4 Qxe2 16. Rad1 Bc5 17. Rfe1 Bxd4 18. Nxd4 Qh5 19. cxd5 cxd5 20. b4 Ne5 21. Rf1 Nd3 22. Qb3 a4 23. Qa2 Nxf2 24. Rde1 Nh3+ 25. Kh1 Ng4 26. N2f3 Be4 27. Nh4 Ng5 28. Bxe4 dxe4 29. Ne2 Nf3 30. Nxf3 exf3 31. Nf4 Qb5 32. Rxf3 Qc6 33. Qd5 Rfe8 1/2-1/2